Gawr-Lakhnawati : (Record no. 17566)

MARC details
000 -LEADER
fixed length control field 01449cam a2200373 a 4500
001 - CONTROL NUMBER
control field 1667158
003 - CONTROL NUMBER IDENTIFIER
control field BDDh-ASL
005 - DATE AND TIME OF LATEST TRANSACTION
control field 20231015025603.0
008 - FIXED-LENGTH DATA ELEMENTS--GENERAL INFORMATION
fixed length control field 170124s1997 bg ab b 001 0 eng
010 ## - LIBRARY OF CONGRESS CONTROL NUMBER
LC control number 97905914
020 ## - INTERNATIONAL STANDARD BOOK NUMBER
International Standard Book Number 9845123457
025 ## - OVERSEAS ACQUISITION NUMBER
Overseas acquisition number B-E-97-905914; 20
040 ## - CATALOGING SOURCE
Original cataloging agency DLC
Transcribing agency BDDh-ASL
Modifying agency BDDh-ASL
042 ## - AUTHENTICATION CODE
Authentication code lcode
043 ## - GEOGRAPHIC AREA CODE
Geographic area code a-ii---
050 00 - LIBRARY OF CONGRESS CALL NUMBER
Classification number DS486.G3
Item number G39 1997
082 00 - DEWEY DECIMAL CLASSIFICATION NUMBER
Classification number 930.15492
Item number GAW
245 00 - TITLE STATEMENT
Title Gawr-Lakhnawati :
Remainder of title a survey of historical monuments and sites in Bangladesh, SHMSB 002 /
Statement of responsibility, etc. editor, A.B.M. Husain ; co-editors, M. Harunur Rashid ... [et al.].
246 3# - VARYING FORM OF TITLE
Title proper/short title Survey of historical monuments and sites in Bangladesh, SHMSB 002
260 ## - PUBLICATION, DISTRIBUTION, ETC.
Place of publication, distribution, etc. Dhaka :
Name of publisher, distributor, etc. Asiatic Society of Bangladesh,
Date of publication, distribution, etc. 1997.
300 ## - PHYSICAL DESCRIPTION
Extent xiv, 175 p. :
Other physical details ill., maps ;
Dimensions 25 cm.
440 ## - SERIES STATEMENT/ADDED ENTRY--TITLE
Title Asiatic Society of Bangladesh publication ;
Volume/sequential designation no. 75
9 (RLIN) 316
504 ## - BIBLIOGRAPHY, ETC. NOTE
Bibliography, etc. note Includes bibliographical references (p. [167]-169) and index.
520 ## - SUMMARY, ETC.
Summary, etc. Gaur, ruined city in Malda District, India, on demarcation line between India and Bangladesh.
650 #0 - SUBJECT ADDED ENTRY--TOPICAL TERM
Topical term or geographic name entry element Historic sites
Geographic subdivision India
-- Gaur.
-- Gawr
9 (RLIN) 317
650 #0 - SUBJECT ADDED ENTRY--TOPICAL TERM
Topical term or geographic name entry element Monuments
Geographic subdivision India
-- Gaur.
9 (RLIN) 318
651 #0 - SUBJECT ADDED ENTRY--GEOGRAPHIC NAME
Geographic name Gaur (India)
General subdivision Antiquities.
9 (RLIN) 319
700 1# - ADDED ENTRY--PERSONAL NAME
Personal name Husain, A. B. M.,
Dates associated with a name 1934-
9 (RLIN) 24
700 1# - ADDED ENTRY--PERSONAL NAME
Personal name Rashid, M. Harunur.
9 (RLIN) 25
710 2# - ADDED ENTRY--CORPORATE NAME
Corporate name or jurisdiction name as entry element Asiatic Society of Bangladesh.
9 (RLIN) 316
906 ## - LOCAL DATA ELEMENT F, LDF (RLIN)
a 7
b cbc
c origode
d 3
e ncip
f 19
g y-gencatlg
942 ## - ADDED ENTRY ELEMENTS (KOHA)
Source of classification or shelving scheme Dewey Decimal Classification
Koha item type Books
Holdings
Withdrawn status Lost status Source of classification or shelving scheme Damaged status Not for loan Collection code Home library Current library Shelving location Date acquired Source of acquisition Serial Enumeration / chronology Total Checkouts Full call number Barcode Date last seen Copy number Price effective from Koha item type Public note
    Dewey Decimal Classification   Not For Loan Non-fiction Asiatic Society Library Asiatic Society Library General Stacks 01/24/2017 ASB Publications ASP-075   930.15492 GAW 100378 01/24/2017 C-1 01/24/2017 Books RARE
    Dewey Decimal Classification   Not For Loan Non-fiction Asiatic Society Library Asiatic Society Library General Stacks 01/24/2017 ASB Publications ASP-075   930.15492 GAW 100379 01/24/2017 C-2 01/24/2017 Books RARE
    Dewey Decimal Classification   Not For Loan Non-fiction Asiatic Society Library Asiatic Society Library General Stacks 01/24/2017 ASB Publications ASP-075   930.15492 GAW 100380 01/24/2017 C-3 01/24/2017 Books RARE
    Dewey Decimal Classification   Not For Loan Non-fiction Asiatic Society Library Asiatic Society Library General Stacks 01/24/2017 ASB Publications ASP-075   930.15492 GAW 100381 01/24/2017 C-4 01/24/2017 Books RARE
    Dewey Decimal Classification   Not For Loan Non-fiction Asiatic Society Library Asiatic Society Library General Stacks 01/24/2017 ASB Publications ASP-075   930.15492 GAW 100382 01/24/2017 C-5 01/24/2017 Books RARE
    Dewey Decimal Classification     Non-fiction Asiatic Society Library Asiatic Society Library General Stacks 03/27/2021 ASB Library Collections ASP-075   930.15492 GAW 108003 03/27/2021 C-6 03/27/2021 Books RARE
    Dewey Decimal Classification     Non-fiction Asiatic Society Library Asiatic Society Library General Stacks 03/27/2021 ASB Library Collections ASP-075   930.15492 GAW 108004 03/27/2021 C-7 03/27/2021 Books RARE
    Dewey Decimal Classification     Non-fiction Asiatic Society Library Asiatic Society Library General Stacks 03/27/2021 ASB Library Collections ASP-075   930.15492 GAW 108005 03/27/2021 C-8 03/27/2021 Books RARE
    Dewey Decimal Classification     Non-fiction Asiatic Society Library Asiatic Society Library General Stacks 03/27/2021 ASB Library Collections ASP-075   930.15492 GAW 108006 03/27/2021 C-9 03/27/2021 Books RARE
    Dewey Decimal Classification     Non-fiction Asiatic Society Library Asiatic Society Library General Stacks 03/27/2021 ASB Library Collections ASP-075   930.15492 GAW 108007 03/27/2021 C-10 03/27/2021 Books RARE

Powered by Koha